<An> Aging Population: A Competitive Advantage for Companies

Analýza marketingovej komunikácie z hľadiska cieľovej skupiny nad 55 rokov. Hlavným zámerom zisťovanie, aké komunikačné nástroje uprednostňuje táto veková skupina, a či sú v preferenciách prítomné významné rodové rozdiely. Porovnanie výsledkov s analýzou danej vekovej skupiny z r. 2014, ktorá bola u...

Descrizione completa

Salvato in:
Dettagli Bibliografici
Autore principale: Barešová, Petra
Altri autori: Horáková, Monika, Urbánek, Tomáš
Natura: Capitolo di libro
Lingua:inglese
Soggetti:
Tags: Aggiungi Tag
Nessun Tag, puoi essere il primo ad aggiungerne!!

MARC

LEADER 00000nla a2200000 4500
001 0241840
005 20240417075135.1
041 0 |a eng 
044 |a CZ 
245 1 0 |a <An> Aging Population: A Competitive Advantage for Companies  |c Petra Barešová, Monika Horáková, Tomáš Urbánek 
520 |a Analýza marketingovej komunikácie z hľadiska cieľovej skupiny nad 55 rokov. Hlavným zámerom zisťovanie, aké komunikačné nástroje uprednostňuje táto veková skupina, a či sú v preferenciách prítomné významné rodové rozdiely. Porovnanie výsledkov s analýzou danej vekovej skupiny z r. 2014, ktorá bola uskutočnená z pohľadu spoločností. 
610 2 0 |a komunikácia marketingová 
610 2 0 |a nástroje marketingové 
610 2 0 |a efektívnosť 
610 2 0 |a seniori 
610 2 0 |a muži 
610 2 0 |a ženy 
610 2 0 |a správanie 
610 2 0 |a správanie spotrebiteľa 
100 1 |a Barešová, Petra 
700 1 |a Horáková, Monika 
700 1 |a Urbánek, Tomáš